Foxpro ngôn ngữ lập trình quản lý

Na minha lista:
Detalhes bibliográficos
Autor principal: Hoàng Chí Thành
Formato: Livro
Idioma:Undetermined
Publicado em: H. ĐHQG 2002
Assuntos:
Tags: Adicionar Tag
Sem tags, seja o primeiro a adicionar uma tag!
Thư viện lưu trữ: Trung tâm Học liệu Trường Đại học Cần Thơ
LEADER 00555nam a2200193Ia 4500
001 CTU_54076
008 210402s9999 xx 000 0 und d
020 |b 18200 
082 |a 005.7565 
082 |b Th107 
100 |a Hoàng Chí Thành 
245 0 |a Foxpro ngôn ngữ lập trình quản lý 
245 0 |c Hoàng Chí Thành 
260 |a H. 
260 |b ĐHQG 
260 |c 2002 
650 |a management,foxpro ( computer program language ) 
650 |x computer programs 
980 |a Trung tâm Học liệu Trường Đại học Cần Thơ